000 00693nam a22002297a 4500
999 _c373467
_d373467
001 87176
003 UA-OsUOA
005 20200310101929.0
007 ta
008 20120915b un ||||| |||| 00| 0 ukr d
040 _aUA-OsUOA
_brus
_cUA-OsUOA
_dUA-OsUOA
041 _arus
080 _a821.161.1
090 _a821.161.1
_bЭ76
100 _aЭренбург И.
245 _aЛюди, годы, жизнь: воспоминания в трех томах
_c1
_nкн. 1
_pкн. 2
_pкн. 3
260 _aМ.
_bСоветский писатель
_c1990
300 _a640 с.
650 7 _a82 Література. Літературознавство
_2UDC
942 _cBK
_2udc
955 _a3